| 000 | 00505nam a22001937a 4500 | ||
|---|---|---|---|
| 005 | 20260422132629.0 | ||
| 008 | 260422b |||||||| |||| 00| 0 eng d | ||
| 020 |
_a9789363636248 _c1095.00 |
||
| 040 | _aMAIN | ||
| 041 | _aEnglish | ||
| 082 |
_a579 _bTEX |
||
| 100 |
_aAneja, K.R. (ed) _926681 |
||
| 245 | _aPelczar's Textbook of Microbiology | ||
| 250 | _a7th | ||
| 260 |
_aNew Delhi _bMedTech Science Press _c2026 |
||
| 300 | _a924 | ||
| 650 |
_aBiological Science (PM USHA) _926674 |
||
| 942 | _cBK | ||
| 999 |
_c60679 _d60679 |
||